00577 2200217 4500001002100000005001500021035002000036007000300056008004100059020001800100082001000118084001600128100003300144245006800177250001000245260003600255300002600291650002100317990001000338990001100348INLIS00000000000894920210603101655 a0010-0621000017ta210603 g 0 ind  a9786022620853 a641.8 a641.8 HEN b0 aHENDRASTY, henny krissetiana1 aBahan Produk Bakery /cIr. Hj. Henny Krissetiana Hendrasty, M.P aJil.1 aYogyakarta :bGraha Ilmu,c2013 axii, 128 hlm ;c23 cm 4aTeknologi pangan a15683 a15683a